| 000 | 00678nam a2200193 a 4500 | ||
|---|---|---|---|
| 001 | 000040295 | ||
| 005 | 20201002034035.0 | ||
| 008 | 130802s2004 mx 000 0 spa d | ||
| 020 | _a9703212247 | ||
| 040 |
_aDO-SdBNP _bspa _cBNPHU |
||
| 100 | 1 |
_aOwen, Gilberto, _d1904-1952 _966578 |
|
| 245 | 1 | 0 |
_aNovela como nube. / _cGilberto Owen ; introducción Vicente Quirarte. |
| 260 |
_aMéxico : _bUniversidad Nacional Autónoma de México, _c2004. |
||
| 300 |
_a62 p. ; _c18 cm. |
||
| 490 | 1 |
_aRelato Licenciado Vidriera _v19 |
|
| 700 | 1 |
_aQuirate, Vicente _eed. _966579 |
|
| 710 | 2 |
_aUniversidad Nacional Autónoma de México _942447 |
|
| 830 | 0 |
_aRelato Licenciado Vidriera _v19 _966234 |
|
| 999 |
_c39785 _d39785 |
||